Fear The Walking Dead Characters - Statistics

General Stats
  • This quiz has been taken 231 times
  • The average score is 17 of 46
Answer Stats
Answer % Correct
Nicholas Clark
95%
Madison Clark
92%
Alicia Clark
85%
Morgan Jones
82%
Daniel Salazar
81%
Travis Manawa
79%
Victor Strand
77%
Christopher Manawa
70%
Ofelia Salazar
68%
John Dorie
66%
Dwight
63%
Luciana Galvez
54%
Troy Otto
54%
June Dorie
53%
Charlie
49%
Sherry
48%
Jake Otto
44%
Althea Szewczyk-Przygocki
41%
Grace Mukherjee
41%
Virginia
41%
Dakota
38%
Elizabeth Ortiz
38%
Jeremiah Otto
33%
Sarah
32%
Griselda Salazar
31%
Wendell
28%
Wes
26%
Theodore Maddox
22%
John Dorie sr.
20%
Logan
19%
Jim
18%
Lola Guerrero
15%
Qaletaqa Walker
15%
Isabelle
14%
Thomas Flores
13%
Elena Reyes
12%
Jacob Kessner
12%
Celia Flores
10%
Martha
9%
Alejandro Nuñez
8%
Brandon
8%
Hector Reyes
8%
Luis Flores
8%
Riley
8%
Cole
7%
Efraín Morales
4%
No matching quizzes found
Score Distribution
Percent of People with Each Score
Percentile by Number Answered
Your Score History
You have not taken this quiz